Schlag den Star - Wer ist das? (2) - Statistiken

Allgemein
  • Dieses Quiz wurde 312 mal gespielt
  • Das Durchschnittsergebnis liegt bei 41 aus 100
Antwortstatistiken
Bildquiz Antwort % Korrekt
Otto Waalkes
90%
Thomas Gottschalk
89%
Miroslav Klose
86%
Anne Frank
84%
Brad Pitt
84%
Oliver Pocher
83%
Michael Bully Herbig
79%
Harald Glööckler
78%
Charlie Chaplin
77%
Julian Nagelsmann
77%
Frank-Walter Steinmeier
76%
Bruno Mars
75%
Paddington
74%
John F. Kennedy
73%
Findus
72%
Jennifer Aniston
71%
Sahra Wagenknecht
71%
Bud Spencer
70%
Caillou
70%
Alexander Zverev
69%
Max Kruse
68%
Palina Rojinski
68%
Daniel Radcliffe
67%
Dennis Schröder
67%
Emmanuel Macron
67%
Carlo Ancelotti
65%
Pocahontas
64%
Moritz
62%
Michael Jordan
61%
Fabian Hambüchen
60%
Mick Schumacher
60%
MrBeast
60%
Karim Adeyemi
59%
Fritz Meinecke
58%
Jimmy Fallon
58%
Cher
57%
Leni Klum
57%
Julia Beautx
51%
Verona Pooth
48%
Andrea Berg
47%
Neil Armstrong
47%
Sam Smith
47%
Millie Bobby Brown
43%
Roman Lochmann
43%
Orlando Bloom
42%
Edward mit den Scherenhänden
41%
Frank Elstner
40%
Pamela Reif
40%
Andrea Kiewel
39%
Sophia Thiel
39%
Eckart von Hirschhausen
38%
Simone Thomalla
38%
Frida Kahlo
34%
Kayla Shyx
34%
Kader Loth
33%
Robert De Niro
33%
Stefanie Giesinger
33%
Wilma Feuerstein
32%
Bella Hadid
30%
Loona
30%
Elisabeth von Österreich
28%
Nazan Eckes
28%
Thomas Hayo
28%
Claudia Effenberg
25%
Naomi Campbell
25%
Constantin Schreiber
24%
Sarah Jessica Parker
24%
Simon Cowell
24%
Luna Schweiger
23%
Kendrick Lamar
22%
Isaac Newton
21%
Charlotte Würdig
20%
Katharina Thalbach
20%
Eva Longoria
19%
Tommy Cash
17%
Walt Disney
17%
Ringo Starr
16%
Aleksander Ceferin
15%
Doja Cat
14%
Lizzo
14%
Oliver Rohrbeck
14%
Lydia Benecke
11%
Sandra Oh
11%
Laura Karasek
10%
Mathieu Carrière
10%
Tim Oliver Schultz
10%
John Williams
8%
Judy Garland
8%
Lily James
7%
Coco Chanel
5%
Colleen Hoover
5%
Lisa-Marie Presley
5%
Claude Monet
3%
Gotthold Ephraim Lessing
3%
James Harrison
2%
Jürgen Kluckert
2%
Natalie Imbruglia
2%
Natalie Jane
2%
Friedrich List
1%
Oliver Blume
1%
Keine übereinstimmenden Quizze gefunden
Verteilung der Resultate
Anzahl Personen mit jedem Resultat
Perzentil nach korrekt beantworteten Fragen
Ihre Resultats-Entwicklung
Sie haben dieses Quiz noch nicht gespielt